Normale Ansicht MARC-Ansicht ISBD

Kościół w Da̜broszynie (Titelsatznr. 80207)

[ MARC ]
MARC-Details
000 -Satzkennung
Kontrollfeld mit fester Länge 01875nam a2200469 cb4500
001 - Kontrollnummer
Kontrollfeld 979131510
003 - Kontrollnummer Identifier
Kontrollfeld DE-101
005 - Datum und Zeit der letzten Transaktion
Kontrollfeld 20201130122911.0
007 - Feld mit fester Länge zur physischen Beschreibung - Allgemeine Information
Kontrollfeld mit fester Länge tu
008 - Feld mit fester Länge zur physischen Beschreibung - Allgemeine Angaben
Kontrollfeld mit fester Länge 060329s2003 pl ||||| |||| 00||||ger
015 ## - Nummer der Nationalbibliografie
Nummer der Nationalbibliografie 06,B27,0366
Quelle dnb
016 7# - Kontrollnummer der nationalbibliografischen Agentur
Quelle DE-101
Datensatzkontrollnummer 979131510
020 ## - Internationale Standardbuchnummer
Internationale Standardbuchnummer 8388784668
Bezugsbedingungen Pp.
035 ## - Systemkontrollnummer
System-Kontrollnummer (DE-599)DNB979131510
035 ## - Systemkontrollnummer
System-Kontrollnummer (OCoLC)181557118
040 ## - Katalogisierungsquelle
Original-Katalogisierungsstelle 1131
Katalogisierungssprache ger
Übertragungsstelle DE-101
Bearbeitungsstelle StAFF
041 ## - Sprachcode
Sprachcode des Textes/der Tonspur oder des separaten Titels ger
-- pol
044 ## - Ländercode der veröffentlichenden/herstellenden Stelle
ISO-Ländercode XA-PL
082 04 - Notation nach der Dewey Decimal Classification
Feldverknüpfung und Reihenfolge 1\u
Notation 726.50943849
Zuweisende Stelle DE-101
Ausgabenummer 22/ger
083 7# - Zusätzliche DDC-Notation
Notation 720
-- 230
Zuweisende Stelle DE-101
Ausgabenummer 22sdnb
085 ## - Synthetische Notation und ihre Bestandteile
Feldverknüpfung und Reihenfolge 1\u
Base number 726.5
085 ## - Synthetische Notation und ihre Bestandteile
Feldverknüpfung und Reihenfolge 1\u
Table identification 2
Digits added from classification number in schedule or external table 43849
090 ## - LOCALLY ASSIGNED LC-TYPE CALL NUMBER (OCLC); LOCAL CALL NUMBER (RLIN)
Notation (OCLC) (R) ; Notation, CALL (RLIN) (NR) b
245 00 - Titel
Titel Kościół w Da̜broszynie
Zusatz zum Titel Panteon Chwały Rodów Szlachty Da̜broszyńskiej = ˜Dieœ Kirche in Tamsel
Verfasserangabe etc. [wyd.: Urza̜d Miasta i Gminy w Witnicy. Red.: Błazej Skaziński ; Janusz Michalski. Teksty do wyd.: Zbigniew Czarnuch ... Tłum. na niemiecki: Grzegorz Załoga]
246 11 - Titelvarianten
Hauptsachtitel/Kurztitel ˜Dieœ Kirche in Tamsel
260 ## - Publikation, Vertrieb usw.
Erscheinungsort, Vertriebsort etc. Gorzow Wlkp.
Erscheinungsjahr, Vertriebsjahr etc. 2003
264 #1 - Produktion, Veröffentlichung, Distribution, Herstellung und Urheberrechtsvermerk
Herstellungs-, Veröffentlichungs- Vertriebs-, Erzeugungsort Witnica
Produzent, Herausgeber, Distributor, Hersteller Urza̜d Miasta i Gminy w Witnicy
Datum der Herstellung, der Veröffentlichung, des Vertriebs oder des Urheberschutzvermerks 2003
300 ## - Physische Beschreibung
Umfang 160 S.
Andere physische Details zahlr. Ill.
Maße 31 cm
336 ## - Inhaltstyp
Inhaltstypterm Text
Inhaltstypcode txt
Quelle rdacontent
336 ## - Inhaltstyp
Inhaltstypterm unbewegtes Bild
Inhaltstypcode sti
Quelle rdacontent
337 ## - Medientyp
Bezeichnung des Medientyps ohne Hilfsmittel zu benutzen
Medientypcode n
Quelle rdamedia
338 ## - Datenträgertyp
Datenträgertypbezeichnung Band
Datenträgertypcode nc
Quelle rdacarrier
490 1# - Gesamttitelangabe
Gesamttitelangabe Zespół pałacowo-parkowy w Da̜broszynie
Bandnummer/Folgebezeichnung Tom 1
500 ## - Allgemeine Fußnote
Allgemeine Fußnote Text dt. und poln.
700 1# - Nebeneintragung - Personenname
IDN des Normdatensatzes oder Standardnummer (DE-588)1181269830
-- https://d-nb.info/gnd/1181269830
-- (DE-101)1181269830
Personenname Skaziński, Błażej
Funktionsbezeichnung Herausgeber
Code für Beziehungskennzeichnung edt
710 1# - Nebeneintragung - Körperschaftsname
IDN des Normdatensatzes oder Standardnummer (DE-588)4595286-3
-- https://d-nb.info/gnd/4595286-3
-- (DE-101)959289836
Körperschafts- oder Gebietskörperschaftsname als Eintragungselement Witnica
Funktionsbezeichnung Herausgebendes Organ
Code für Beziehungskennzeichnung isb
830 #0 - Nebeneintragung unter dem Gesamttitel - Einheitstitel
Einheitstitel Zespół pałacowo-parkowy w Da̜broszynie
Bandnummer/Folgebezeichnung Tom 1
Datensatzkontrollnummer (DE-101)996596119
Koha-Normdatenidentnummer 11
Kontrollunterfeld am
856 42 - Elektronische Adresse und Zugriff
Kontaktstelle für Hilfe beim Zugriff V:DE-604
Elektronisches Format application/pdf
URL <a href="https://d-nb.info/979131510/04">https://d-nb.info/979131510/04</a>
Spezifische Materialangaben Inhaltsverzeichnis
942 ## - Zusätzliche Felder (Koha)
Klassifikation oder Aufstellungssystematik Andere/Generische Klassifikation
Koha-Medientyp Bücher
Exemplare
Ausgeschieden Verloren Klassifikation oder Aufstellungssystematik Beschädigt Nicht entleihbar Heimatbibliothek Aufenthaltsbibliothek Aufstellungsort Erwerbungsdatum Kodierter Standort-Qualifier Anzahl Ausleihen Signatur Letzte Aktivität Exemplarnummer Preis gültig von Koha-Medientyp
    Andere/Generische Klassifikation     Stadtarchiv Frankfurt (Oder) | Archivbibliothek Stadtarchiv Frankfurt (Oder) | Archivbibliothek Magazin 30/11/2020 M   IV: 1541 30/11/2020 206/2020 30/11/2020 Bücher